Pohyb monitorovacieho drona v priestore na základe pseudonáhodných algoritmov

Salvato in:
Dettagli Bibliografici
Autore principale: Puk, Dominik (Autore)
Altri autori: Krajčovič, Tibor (Relatore della tesi)
Natura: Manoscritto Libro
Lingua:slovacco
Pubblicazione: 2023
Soggetti:
Accesso online:http://is.stuba.sk/zp/portal_zp.pl?podrobnosti=169849
Tags: Aggiungi Tag
Nessun Tag, puoi essere il primo ad aggiungerne!!

MARC

LEADER 00000ntm a22000003a 4500
001 stuzp94864
003 SK-STU
005 20230909223352.6
007 ta
008 150427s2015----xo-----f-mn---000-0-slo-d
040 |a STU  |b slo 
041 0 |a slo 
100 1 |a Puk, Dominik  |u 070400  |4 aut  |U FIIT Fakulta informatiky a informačných technológií  |T FIIT Ústav počítačového inžinierstva a aplikovanej informatiky  |X 97015  |U I400  |Y 672  |7 97015 
242 0 1 |a Spatial movement of a surveillance drone based on pseudorandom algorithms  |y eng 
245 1 0 |a Pohyb monitorovacieho drona v priestore na základe pseudonáhodných algoritmov 
260 |c 2023 
650 4 |a autonómny dron  |2 slo 
650 4 |a navigácia  |2 slo 
650 4 |a vnorené systémy  |2 slo 
650 4 |a embedded systems  |2 eng 
650 4 |a autonomous drone  |2 eng 
650 4 |a navigation  |2 eng 
700 1 |a Krajčovič, Tibor  |u 070400  |k Z1  |4 ths  |U FIIT Fakulta informatiky a informačných technológií  |T FIIT Ústav počítačového inžinierstva a aplikovanej informatiky  |X 1869  |U I400  |Y 672  |7 1869 
856 4 |u http://is.stuba.sk/zp/portal_zp.pl?podrobnosti=169849